000 02627nam a2200553 c 4500
001 24872
003 ES-MaCES
005 20141221122931.0
008 130221s2012 sp t 000 | spa d
017 _aJ 1287-2011
_bDL
035 _aCES20130000594m
040 _aES-MaCES
_bspa
_cES-MaCES
041 0 _aspa
_aeng
245 0 0 _aAnuario internacional 2012 sobre prevención de riesgos psicosociales y calidad de vida en el trabajo
_b: el papel de la inspección de trabajo en la evaluación de riesgos psicosociales : avances y resistencias desde una perspectiva europea = International yearbook 2012 : prevention on psychosocial risks and quality of life at work : labour inspection and psychosocial risk assessment : progress and resistance from a European perspective
_c[dir., Marisa Rufino San José ; coord., Cristóbal Molina Navarrete, Emilio González Vicente ; autores, Forastieri, Valentina ... et al.; este doc. ha sido preparado por la Universidad de Jaén para la Secretaría de Salud Laboral de UGT-CEC]
260 _a[Madrid]
_bSecretaría de Salud Laboral de la UGT-CEC
_c[2012]
300 _a179 p. dup.
_c22 x 22 cm
_e1 CD-ROM
500 _aPubl. simultáneamente en CD-ROM
500 _aEn la cub.: Observatorio de Riesgos Psicosociales UGT
500 _aTexto en español e inglés
504 _aBibliografía
541 _cGratuito
650 4 _aCD ROM
_930331
650 4 _a2012
_931808
650 4 _aanuario
_928963
650 4 _aestudio de casos
_928846
650 4 _aEuropa
_926940
650 4 _aEspaña
_926964
650 4 _arepertorio de recomendaciones prácticas
_929261
650 4 _apapel de la OIT
_929112
650 4 _aevaluación del impacto
_930732
650 4 _ainspección del trabajo
_928213
650 4 _acalidad de la vida de trabajo
_930024
650 4 _aambiente de trabajo
_929086
650 4 _aestrés
_931076
650 4 _atensión psicológica
_928344
650 4 _aseguridad en el trabajo
_928348
650 4 _asalud en el trabajo
_928347
653 1 0 _aSalud
700 1 _aGonzález Vicente, Emilio
_ecol.
_913924
700 1 _aMolina Navarrete, Cristóbal
_ecol.
_918784
700 1 _aRufino San José, Marisa
_edir.
_922804
700 1 _aForastieri, Valentina
_912274
710 2 _aUniversidad de Jaén
_95289
710 2 _aUnión General de Trabajadores de España
_bSecretaría de Salud Laboral
_eed.
_95163
787 0 _tAnuario internacional 2011 sobre prevención de riesgos psicosociales y calidad de vida en el trabajo
_w(ES-MaCES)24339
902 _aLIB Libro
942 _2CES
_cBK
_h3.1.
999 _c24872
_d24872